000 00470nam a2200169Ia 4500
003 OSt
005 20200125095307.0
008 190216s9999||||xx |||||||||||||| ||und||
040 _coclc
082 _a658.5
_bGOE/P
100 _aGoel, B S
_91528
245 0 _aProduction Operations Management /
_cB S Goel
250 _a18th ed.
260 _bPragati Prakashan,
_c2006.
_aMeerut:
300 _a576p
942 _cBK
_2ddc
_h658.5
_iGOE/P
_k658.5
_mGOE/P
999 _c7004
_d7004